Taylor Swift - guess the song with no hints ⭒8 - Statistics

General Stats
  • This quiz has been taken 2,605 times
  • The average score is 189 of 302
Answer Stats
Answer % Correct
"I
100%
I
100%
You
98%
you
98%
the
91%
said,
87%
said
87%
And
86%
and
86%
me
83%
When
82%
"When
82%
when,
82%
when
82%
your
81%
in
77%
in,
77%
it
77%
love
77%
To
75%
to
75%
my
71%
be
70%
Then
68%
know"
67%
I'm
65%
of
65%
were
64%
it's
61%
this"
61%
this)
61%
can
60%
go
59%
hear
57%
all
56%
was
56%
that's
52%
That's
52%
(That's
52%
up
52%
see
51%
I'll
50%
at
49%
did
48%
time,
47%
think
46%
ever
45%
some
43%
face
40%
face)
40%
about
39%
back
39%
back?"
39%
our
39%
come
38%
knew
38%
need
38%
baby
37%
let
37%
or
37%
saw
37%
want
36%
mornin'
34%
wake
34%
space
31%
yeah
30%
cryin'
29%
take
29%
Laughin'
26%
laughin',
26%
miss
26%
gone,
25%
made
25%
sunny
25%
front
24%
stormin'
24%
stormin')
24%
waitin'
24%
watched
23%
wrong,
23%
hard
22%
"Leave
22%
gate
21%
gate)
21%
put
21%
those
21%
through
21%
(through
21%
words
21%
Came
20%
harder
18%
woke
18%
mistakes
17%
past"
16%
phone
15%
tears
15%
"Honestly
14%
of me?"
12%
Mm-mm
5%
No matching quizzes found
Score Distribution
Percent of People with Each Score
Percentile by Number Answered
Your Score History
You have not taken this quiz